000 00612nam a2200181Ia 4500
008 100921s9999 xx 000 0 und d
082 _b20129
_a808.068 थ 85
100 _aगाडगीळ गंगाधर.
245 _aपक्याची गँग.
260 _bसुपर्ण प्रकाशन,पुणे.
_c1985
300 _a54
_b---
365 _b9
520 _aललित-बालवाङ्रमय.
630 _aपक्याची गँग.
650 _aललित-बालवाङ्रमय.
730 _aपक्याची गँग.
942 _cBOOK
999 _c769242
_d769239